Подробности
| 000 -МАРКЕР |
| контрольное поле |
01614nam0a2200361 4500 |
| 001 - ИДЕНТИФИКАТОР ЗАПИСИ |
| контрольное поле |
RU\NLR\bibl\880 |
| 005 - ИДЕНТИФИКАТОР ВЕРСИИ |
| контрольное поле |
20260406031020.0 |
| 010 ## - МЕЖДУНАРОДНЫЙ СТАНДАРТНЫЙ НОМЕР КНИГИ (ISBN) |
| Номер (ISBN) |
5-88929-030-4 |
| Тираж |
800 |
| 021 ## - НОМЕР ГОСУДАРСТВЕННОЙ РЕГИСТРАЦИИ |
| Код страны |
российская федерация |
| Номер |
97-25823 |
| Номер Листа государственной регистраци |
1064 |
| 035 ## - ДРУГИЕ СИСТЕМНЫЕ НОМЕРА |
| Идентификатор записи |
(NLR Aleph) 000000815 |
| 100 ## - ДАННЫЕ ОБЩЕЙ ОБРАБОТКИ |
| Данные общей обработки |
19980429d1997 |||y0rusy50 ca |
| 101 0# - ЯЗЫК РЕСУРСА |
| Язык текста, звукозаписи и т.д. |
русский |
| Язык резюме |
английский |
| 102 ## - СТРАНА ПУБЛИКАЦИИ ИЛИ ПРОИЗВОДСТВА |
| Страна публикации |
российская федерация |
| 105 ## - ПОЛЕ КОДИРОВАННЫХ ДАННЫХ: ТЕКСТОВЫЕ МАТЕРИАЛЫ, МОНОГРАФИЧЕСКИЕ |
| Кодированные данные о монографическом текстовом документе |
a ||||||||| |
| 200 1# - ЗАГЛАВИЕ И СВЕДЕНИЯ ОБ ОТВЕТСТВЕННОСТИ |
| Основное заглавие |
М.С. Цвет создатель хроматографии |
| Первые сведения об ответственности |
Е.М. Сенченкова |
| Последующие сведения об ответственности |
Рос. акад. наук, Ин-т истории естествознания и техники им. С.И. Вавилова, Ин-т физ. химии РАН |
| 210 ## - ПУБЛИКАЦИЯ, РАСПРОСТРАНЕНИЕ И ДР. |
| Место издания, распространения и т.д. |
М. |
| Имя издателя, распространителя и т. д. |
Янус-К |
| Дата издания, распространения и т.д. |
1997 |
| 215 ## - ФИЗИЧЕСКАЯ ХАРАКТЕРИСТИКА |
| Специфическое обозначение материала и объем |
439 с., ХVI с. ил.,портр. |
| Другие сведения о физической характеристике |
ил., портр., факс. |
| Размеры |
20 |
| 300 ## - ОБЩИЕ ПРИМЕЧАНИЯ |
| Текст примечания |
Рез. на англ. яз. |
| 320 ## - ПРИМЕЧАНИЯ О НАЛИЧИИ В ДОКУМЕНТЕ БИБЛИОГРАФИИ / УКАЗАТЕЛЯ |
| Текст примечания |
Библиогр. в конце гл. |
| 320 ## - ПРИМЕЧАНИЯ О НАЛИЧИИ В ДОКУМЕНТЕ БИБЛИОГРАФИИ / УКАЗАТЕЛЯ |
| Текст примечания |
Опубл. работы М.С. Цвета и публ. о нем: с. 410-432 |
| 320 ## - ПРИМЕЧАНИЯ О НАЛИЧИИ В ДОКУМЕНТЕ БИБЛИОГРАФИИ / УКАЗАТЕЛЯ |
| Текст примечания |
Имен. указ. с. 433-438 |
| 600 #1 - ИМЯ ЛИЦА КАК ПРЕДМЕТ |
| Начальный элемент ввода |
Цвет |
| Часть имени, кроме начального элемента ввода |
М.С. |
| Даты |
1872 - 1919 |
| Расширение инициалов личного имени |
Михаил Семенович |
| Системный номер авторитетной/нормативной записи |
1204749 |
| Идентификатор авторитетной/нормативной записи |
RU\NLR\auth\66169859 |
| 686 ## - ИНДЕКСЫ ДРУГИХ КЛАССИФИКАЦИЙ |
| Индекс |
Г583.3д(2)Цвет |
| 700 #1 - ИМЯ ЛИЦА - ПЕРВИЧНАЯ ОТВЕТСТВЕННОСТЬ |
| Код отношения |
Автор |
| Графика поля |
Кириллица |
| Материалы, к которым относится поле |
rus |
| Начальный элемент ввода |
Сенченкова |
| Часть имени, кроме начального элемента ввода |
Е. М. |
| Даты |
1930- |
| Расширение инициалов личного имени |
Евгения Михайловна |
| Идентификатор авторитетной/нормативной записи |
RU\NLR\AUTH\771163 |
| Системный номер авторитетной/нормативной записи |
111193 |
| 702 #1 - ИМЯ ЛИЦА - ВТОРИЧНАЯ ОТВЕТСТВЕННОСТЬ |
| Код отношения |
Прочие |
| Материалы, к которым относится поле |
rus |
| Графика поля |
Кириллица |
| Начальный элемент ввода |
Цвет |
| Часть имени, кроме начального элемента ввода |
М. С. |
| Даты |
1872-1919 |
| Расширение инициалов личного имени |
Михаил Семенович |
| Идентификатор авторитетной/нормативной записи |
RU\NLR\auth\771169 |
| Системный номер авторитетной/нормативной записи |
111199 |
| 801 #0 - ИСТОЧНИК ЗАПИСИ |
| Страна |
российская федерация |
| Организация |
NLR |
| Дата составления |
19980429 |
| Правила каталогизации |
PSBO |
| 801 #1 - ИСТОЧНИК ЗАПИСИ |
| Страна |
российская федерация |
| Организация |
NLR |
| Дата составления |
19980429 |
| 830 ## - ОБЩЕЕ ПРИМЕЧАНИЕ, СОСТАВЛЕННОЕ КАТАЛОГИЗАТОРОМ |
| Текст примечания |
Авт. раскрыт в конце кн. |
| 852 ## - МЕСТОНАХОЖДЕНИЕ И ШИФР ХРАНЕНИЯ |
| Идентификатор организации |
NLR |
| Шифр хранения (Call Number) |
97-3/10206 |
| 942 ## - ДОПОЛНИТЕЛЬНЫЕ ЭЛЕМЕНТЫ ЗАПИСИ (АБИС) |
| Тип экземпляра АБИС |
Книга |
| 980 ## - КОЛЛЕКЦИЯ |
| Название коллекции |
Национальная библиография |